Sales And Distribution Management (Record no. 766)

MARC details
000 -LEADER
fixed length control field 00408nam a22001697a 4500
005 - DATE AND TIME OF LATEST TRANSACTION
control field 20160513150033.0
008 - FIXED-LENGTH DATA ELEMENTS--GENERAL INFORMATION
fixed length control field 160513b xxu||||| |||| 00| 0 eng d
020 ## - INTERNATIONAL STANDARD BOOK NUMBER
ISBN 81-7446-416-6
041 ## - LANGUAGE CODE
Language code of text/sound track or separate title eng
082 ## - DEWEY DECIMAL CLASSIFICATION NUMBER
Item number 2090
100 ## - MAIN ENTRY--AUTHOR NAME
Personal name Dr. S.L. Gupta
245 ## - TITLE STATEMENT
Title Sales And Distribution Management
260 ## - PUBLICATION, DISTRIBUTION, ETC. (IMPRINT)
Place of publication New Delhi
Name of publisher Excel Books,
Year of publication 2005
300 ## - PHYSICAL DESCRIPTION
Number of Pages 588
650 ## - SUBJECT ADDED ENTRY--TOPICAL TERM
Topical Term Management
942 ## - ADDED ENTRY ELEMENTS (KOHA)
Koha item type Books
Holdings
Lost status Damaged status Collection code Home library Current library Shelving location Date acquired Cost, normal purchase price Full call number Accession Number Koha item type
    MANAGEMENT JRU Library JRU Library SHELF- 67 J 13/05/2016 295.00 2090 2090 Books
    MANAGEMENT JRU Library JRU Library SHELF- 67 J 13/05/2016 295.00 2090 2091 Books
    MANAGEMENT JRU Library JRU Library SHELF- 67 J 13/05/2016 295.00 2090 2092 Books
    MANAGEMENT JRU Library JRU Library SHELF- 67 J 13/05/2016 295.00 2090 2093 Books
    Reference JRU Library   SHELF- 67 J 13/05/2016 295.00 2090 2094 Books
    MANAGEMENT JRU Library JRU Library SHELF- 67 J 13/05/2016 295.00 2090 2095 Books